[Event "GER-ch Youth-C"]
[Site "Willingen"]
[Date "2022.06.05"]
[Round "2"]
[White "Hess, Maxim"]
[Black "Gauer, Liam"]
[Result "1/2-1/2"]
[WhiteElo "1146"]
[BlackElo "1028"]
[PlyCount "98"]
[EventDate "2022.06.04"]
[EventType "swiss"]
[EventRounds "9"]
[EventCountry "GER"]
[SourceTitle "CBM 208 Extra"]
[Source "ChessBase"]
[SourceDate "2022.07.31"]
[SourceVersion "1"]
[SourceVersionDate "2022.07.31"]
[SourceQuality "1"]

1. d4 d5 2. e3 Bf5 3. Nf3 e6 4. c4 dxc4 5. Bxc4 Nf6 6. 0-0 Nc6 7. Nc3 Nb4 8. a3 Nbd5 9. Re1 c6 10. Nd2 Nxc3 11. bxc3 Ne4 12. Nxe4 Bxe4 13. a4 Qa5 14. Bb2 Bd6 15. f3 Bd5 16. Bd3 c5 17. e4 Bc6 18. e5 Be7 19. Bf1 cxd4 20. cxd4 0-0 21. f4 Bd5 22. Ba3 Bxa3 23. Rxa3 Qb4 24. Rh3 h6 25. Bd3 Qxd4+ 26. Kh1 Qxf4 27. Bc2 Rad8 28. Qe2 Bc4 29. Qe4 Qxe4 30. Bxe4 b6 31. Kg1 Rd4 32. g4 Rfd8 33. g5 Rd1 34. Rxd1 Rxd1+ 35. Kf2 hxg5 36. Bc2 Rf1+ 37. Ke3 b5 38. axb5 Bxb5 39. Kd2 a5 40. Rb3 Be8 41. Rb8 Kf8 42. Ba4 f6 43. Bxe8 Ke7 44. Ke2 Rh1 45. Bc6 Rxh2+ 46. Kf1 fxe5 47. Bg2 a4 48. Ra8 Rh4 49. Bc6 Kf6 1/2-1/2

[Event "Niedersachsen-ch op-C"]
[Site "Verden an der Aller"]
[Date "2020.01.04"]
[Round "5"]
[White "Gauer, Liam"]
[Black "Therkorn, Kurt"]
[Result "1-0"]
[WhiteElo "908"]
[BlackElo "1647"]
[PlyCount "99"]
[EventDate "2020.01.02"]
[EventType "swiss"]
[EventRounds "7"]
[EventCountry "GER"]
[SourceTitle "EXT 2023"]
[Source "ChessBase"]
[SourceDate "2022.10.05"]
[SourceVersion "1"]
[SourceVersionDate "2022.10.05"]
[SourceQuality "1"]

1. d4 c6 2. Nf3 d5 3. c3 Nf6 4. Bf4 h6 5. e3 Nbd7 6. Nbd2 e6 7. Nb3 c5 8. Ne5 cxd4 9. cxd4 Bb4+ 10. Nd2 Ne4 11. Nef3 Ndf6 12. a3 Bxd2+ 13. Nxd2 Nxd2 14. Qxd2 a6 15. Qc2 Bd7 16. Rc1 Rc8 17. Bc7 Rxc7 18. Qxc7 Qxc7 19. Rxc7 Bc6 20. Rc8+ Ke7 21. Rxh8 Nd7 22. g4 f6 23. h4 e5 24. g5 fxg5 25. hxg5 hxg5 26. R8h7 Kf6 27. Bh3 Nf8 28. dxe5+ Kg6 29. Rh8 d4 30. Rg1 Kf7 31. e6+ Ke7 32. exd4 Ng6 33. Rh7 Kf6 34. Bg2 Bxg2 35. Rxg2 Nf4 36. Rg3 Nxe6 37. Rf3+ Kg6 38. Re3 Nxd4 39. Rd3 Nf5 40. Rd5 Ne7 41. Rd7 Nf5 42. Rh3 g4 43. Rhd3 Nh4 44. R7d6+ Kh7 45. R3d5 g6 46. Rd7+ Kh6 47. Rd8 Kg7 48. R5d7+ Kf6 49. b4 Ke6 50. Rxb7 1-0

[Event "Niedersachsen-ch op-C"]
[Site "Verden an der Aller"]
[Date "2020.01.02"]
[Round "1"]
[White "Von Knobloch, Tizian"]
[Black "Gauer, Liam"]
[Result "1-0"]
[WhiteElo "1394"]
[BlackElo "908"]
[PlyCount "41"]
[EventDate "2020.01.02"]
[EventType "swiss"]
[EventRounds "7"]
[EventCountry "GER"]
[SourceTitle "EXT 2023"]
[Source "ChessBase"]
[SourceDate "2022.10.05"]
[SourceVersion "1"]
[SourceVersionDate "2022.10.05"]
[SourceQuality "1"]

1. d4 d5 2. c4 Nf6 3. Nc3 Bf5 4. e3 e6 5. a3 c6 6. Bd3 Bxd3 7. Qxd3 Qa5 8. Bd2 Qa6 9. b3 Bb4 10. Nge2 Qa5 11. 0-0 Bxc3 12. Bxc3 Qa6 13. Bb4 Ne4 14. Qc2 Nd7 15. f3 Nef6 16. e4 dxe4 17. fxe4 Ng4 18. Qd2 Ndf6 19. e5 Nd7 20. Qg5 h5 21. Qe7# 1-0

[Event "Niedersachsen-ch op-D"]
[Site "Verden"]
[Date "2017.01.05"]
[Round "1"]
[White "Gauer, Liam"]
[Black "Hoke, Adrian Neo"]
[Result "0-1"]
[WhiteElo "785"]
[BlackElo "1186"]
[PlyCount "54"]
[EventDate "2017.01.05"]
[EventType "swiss"]
[EventRounds "7"]
[EventCountry "GER"]
[SourceTitle "CBM 187 Extra"]
[Source "ChessBase"]
[SourceDate "2018.11.04"]
[SourceVersion "1"]
[SourceVersionDate "2018.11.04"]
[SourceQuality "1"]

1. d4 Nf6 2. Bf4 e6 3. Nc3 Bb4 4. Bd2 0-0 5. Nb5 Bxd2+ 6. Qxd2 d6 7. Qc3 c6 8. Na3 Bd7 9. Nc4 d5 10. Ne5 Na6 11. e3 Rc8 12. Bxa6 bxa6 13. Ngf3 Qb6 14. Rb1 c5 15. dxc5 Rxc5 16. Qd3 Rfc8 17. Nd4 Bb5 18. Qd2 Qc7 19. Rc1 Qxe5 20. f4 Qc7 21. b4 Rc3 22. g3 Ne4 23. Qg2 Rxe3+ 24. Kd1 Qc4 25. Nb3 Nc3+ 26. Kd2 Re2+ 27. Qxe2 Qxe2# 0-1

[Event "GER-chT U10"]
[Site "Magdeburg"]
[Date "2016.12.28"]
[Round "3.1"]
[White "Gauer, Liam"]
[Black "Niemann, Leon Pascal"]
[Result "0-1"]
[WhiteElo "785"]
[BlackElo "1437"]
[PlyCount "66"]
[EventDate "2016.12.27"]
[EventType "team-swiss"]
[EventRounds "7"]
[EventCountry "GER"]
[SourceTitle "EXT 2018"]
[Source "ChessBase"]
[SourceDate "2017.10.13"]
[SourceVersion "1"]
[SourceVersionDate "2017.10.13"]
[SourceQuality "1"]
[WhiteTeam "Hagen II"]
[BlackTeam "Hannover"]
[WhiteTeamCountry "GER"]
[BlackTeamCountry "GER"]

1. d4 Nf6 2. Bf4 d5 3. Nc3 e6 4. Nb5 Bd6 5. Bxd6 cxd6 6. c3 Nc6 7. Qa4 0-0 8. Nf3 a6 9. Na3 Bd7 10. Qc2 Rc8 11. Qd3 b5 12. Ng5 h6 13. Nf3 Qa5 14. Nc2 e5 15. dxe5 dxe5 16. b4 Qb6 17. h3 e4 18. Qe3 Qxe3 19. Nxe3 exf3 20. gxf3 Ne5 21. f4 Ng6 22. f5 Nh4 23. Rg1 Nxf5 24. Nxf5 Bxf5 25. Bg2 Rxc3 26. Kd2 d4 27. e3 Rc2+ 28. Kd1 d3 29. f3 Rfc8 30. e4 Bg6 31. Bf1 d2 32. e5 Nd5 33. a3 Nc3# 0-1